• 首页
  • 本馆介绍
  • 公告通知
  • 最新文献
  • 馆藏检索
  • 电子资源
  • 读者导购
  • 参考咨询
  • 我的图书馆
  • 登录
  • 详细信息显示
  • 放入我的书架
  • 预约/预借图书
  • 作者相关作品
  • 分类相关作品
  • 丛书相关作品
  • 出版社相关作品

书目信息

  • 表格格式
  • 工作单格式
  • 卡片格式
题名:
天然气产业链上游页岩气开发投资风险研究
    
 
作者: 刘毅军 , 马莉 , 王海 著
分册:  
出版信息: 北京   石油工业出版社  2020.10
页数: 340页
开本: 23cm
丛书名:
单 册:
中图分类: F426.22
科图分类:
主题词: 油页岩资源--you ye yan zi yuan--油气田开发--工程投资--投资风险--研究--中国
电子资源:
ISBN: 978-7-5183-4207-5
000 01427nam0 2200277 450
001 2159498874
005 20211011172912.0
010    @a978-7-5183-4207-5@dCNY98.00
100    @a20210225d2020 em y0chiy0120 ea
101 0  @achi@eeng
102    @aCN@b110000
105    @aa z 000yy
106    @ar
200 1  @a天然气产业链上游页岩气开发投资风险研究@Atian ran qi chan ye lian shang you ye yan qi kai fa tou zi feng xian yan jiu@dInvestment risk of shale gas development in the upstream of natural gas industry chain@f刘毅军,马莉,王海著@zeng
210    @a北京@c石油工业出版社@d2020.10
215    @a340页@c图@d23cm
300    @a国家科技重大专项资助项目
330    @a本书内容包括三大部分:第一部分对页岩气开发投资特点及经济评价方法、狭义页岩气开发经济评价特殊性、页岩气开发投资经济界限进行分析,奠定风险量化评价背景;第二部分对页岩气开发规划视角的投资风险进行识别和分析,建立风险量化评价基础;第三部分阐述页岩气开发规划视角的投资风险量化评价框架、建立页岩气开发规划视角的投资风险量化模型,构建风险量化评价体系。
510 1  @aInvestment risk of shale gas development in the upstream of natural gas industry chain@zeng
606 0  @a油页岩资源@Ayou ye yan zi yuan@x油气田开发@x工程投资@x投资风险@x研究@y中国
690    @aF426.22@v5
701  0 @a刘毅军@Aliu yi jun@f(1965.8-)@4著
701  0 @a马莉@Ama li@4著
701  0 @a王海@Awang hai@4著
801  0 @aCN@b百万庄@c20211007
905    @b1307542-44@dF426.22@e203@f3
    
    天然气产业链上游页岩气开发投资风险研究=Investment risk of shale gas development in the upstream of natural gas industry chain/刘毅军,马莉,王海著.-北京:石油工业出版社,2020.10
    340页:图;23cm
    国家科技重大专项资助项目
    
    ISBN 978-7-5183-4207-5:CNY98.00
    本书内容包括三大部分:第一部分对页岩气开发投资特点及经济评价方法、狭义页岩气开发经济评价特殊性、页岩气开发投资经济界限进行分析,奠定风险量化评价背景;第二部分对页岩气开发规划视角的投资风险进行识别和分析,建立风险量化评价基础;第三部分阐述页岩气开发规划视角的投资风险量化评价框架、建立页岩气开发规划视角的投资风险量化模型,构建风险量化评价体系。
●
相关链接 在E读中查询图书 在五车中查询图书 在当当中查询图书 在豆瓣中查询图书


正题名:天然气产业链上游页岩气开发投资风险研究     索取号:F426.22/203         预约/预借

序号 登录号 条形码 馆藏地/架位号 状态 备注
1 1307542   213075429   第一样本阅览室/ [索取号:F426.22/203] 在馆    
2 1307543   213075438   第一借阅区/ [索取号:F426.22/203] 在馆    
3 1307544   213075447   第一借阅区/ [索取号:F426.22/203] 在馆    
唐山师范学院图书馆 欢迎您!
大连网信软件有限公司© 版权所有